000 00632nam a22001817i 4500
999 _c23349
_d23349
003 AR-CdUCM
008 250805b20192019 pe||||| |||| 00| 0 spa d
040 _aMUNICIPALIDAD PROVINCIAL DEL CUSCO
_cBIBLIOTECA MUNICIPAL DEL CUSCO
041 _hspa
082 _a869.57 / R24
_bR24
100 _aRamos Parque, Elio
_946877
245 _aReminiscencia del Trueno /
260 _aCusco :
_bINKARI EDITORES
_c2019
300 _a38 páginas. :
_c19x13 cm.
505 _a Qué decirle a la muerte -- Velo de agua -- Al otro lado de los destinos -- Ciudad cansada -- Serpiente luminaria
942 _2ddc
_cLIBROS
945 _apbjr
_d5-08-2025